000090920 001__ 90920
000090920 005__ 20200717141009.0
000090920 037__ $$aGDOC-2019-26005
000090920 041__ $$aspa
000090920 041__ $$aeng
000090920 100__ $$0(orcid)0000-0002-6578-9845$$1133510$$aMARÍA ANTONIA SOLANS, GARCÍA
000090920 24500 $$926005$$aInglés científico I
000090920 24200 $$926005$$aEnglish for science I
000090920 260__ $$aZaragoza$$bUniversidad de Zaragoza$$c2019-2020
000090920 521__ $$9109$$aGraduado en Terapia Ocupacional$$bDegree in Occupational Therapy
000090920 540__ $$aby-nc-sa$$bCreative Commons$$c3.0$$uhttp://creativecommons.org/licenses/by-nc-sa/3.0/
000090920 830__ $$9276
000090920 8564_ $$s19583$$uhttps://zaguan.unizar.es/record/90920/files/guia-26005-en.pdf$$yGuide (english)
000090920 8564_ $$s26454$$uhttps://zaguan.unizar.es/record/90920/files/guia-26005-es.pdf$$yGuía (idioma español)
000090920 970__ $$aGDOC-2019-26005
000090920 980__ $$aGDOC$$bCiencias de la Salud$$bHealth Sciences$$c127